The Bronze Mirror and other Plays / (Record no. 4407)
[ view plain ]
| 000 -LEADER | |
|---|---|
| fixed length control field | 00546nam a2200217 a 4500 |
| 001 - CONTROL NUMBER | |
| JCCL Control Number | 4407 |
| 003 - CONTROL NUMBER IDENTIFIER | |
| JCCL marc code | BD-JhCC |
| 005 - DATE AND TIME OF LATEST TRANSACTION | |
| control field | 20171127100717.0 |
| 008 - FIXED-LENGTH DATA ELEMENTS--GENERAL INFORMATION | |
| fixed length control field | 171127s e p|||| || | 000 0 eng d |
| 035 ## - SYSTEM CONTROL NUMBER | |
| system control number | (BD-JhCC)4407 |
| 040 ## - CATALOGING SOURCE | |
| Original cataloging agency | BD-JhCC |
| Modifying agency | BD-JhCC |
| 041 ## - LANGUAGE CODE | |
| Language code of Book | eng |
| 082 ## - DEWEY DECIMAL CLASSIFICATION NUMBER | |
| Classification number | 823.914 |
| Author mark and Year | STA |
| 100 ## - MAIN ENTRY--PERSONAL NAME | |
| Personal name | Staines, Gladys |
| 245 ## - TITLE STATEMENT | |
| Title | The Bronze Mirror and other Plays / |
| Statement of responsibility, etc | Gladys Staines, |
| 260 ## - PUBLICATION, DISTRIBUTION, ETC. (IMPRINT) | |
| Place of publication, distribution, etc | London : |
| Name of publisher, distributor, etc | Gin and Company Ltd, |
| 300 ## - PHYSICAL DESCRIPTION | |
| Pagination | 135 p. : |
| Other physical details | ill. ; |
| Dimensions | 18 cm. |
| 650 ## - SUBJECT ADDED ENTRY--TOPICAL TERM | |
| Topical term or geographic name as entry element | Stories |
| 942 ## - ADDED ENTRY ELEMENTS (KOHA) | |
| Source of classification or shelving scheme | Dewey Decimal Classification |
| Koha item type | Books |
| Source of classification or shelving scheme | Damaged status | Not for loan | Home library | Current library | Shelving location | Date of accession | Total Checkouts | Full call number | Barcode | Date last seen | Copy number | Koha item type |
|---|---|---|---|---|---|---|---|---|---|---|---|---|
| Dewey Decimal Classification | JCC Rouf Library | JCC Rouf Library | General Stacks | 11/27/2017 | 823.914 STA | 6084 | 11/27/2017 | C-1 | Books |